01427cam a22003617a 4500003000500000005001700005008004100022010001000063011001000073035001000083040000900093090001000102100003900112245009200151260004100243300001800284502007400302590003700376590004100413590004100454590004100495590004100536590004100577590004200618650003800660901000700698942000900705949003500714949004000749999001700789952013200806952012700938CHAP20220329133736.0971013s1944 r 00010 d a10210 a11182 a10420 cCHAP aTesis00aCaballero Olguín, Manuel.916569 0aProyecto de reforestación en las lomas de los Remedios, San Bartolo Naucalpan, Méx. aChapingo, Méx., :bEl autor,c1944 a68 h.b: ilus aTesis (Ing. Agrónomo. Esp. en Bosques) ENA. Departamento de Bosques aALEPHb10c20130110lUCH01h1227 aBATCH-UPDb10c20130110lUCH01h0305 aBATCH-UPDb10c20130110lUCH01h2324 aBATCH-UPDb10c20130409lUCH01h2337 aBATCH-UPDb10c20130410lUCH01h1614 aBATCH-UPDb10c20130914lUCH01h1957 aCONVERSIONb10c20130109lUCH01h130714aReforestaciónxMéxico.995498 aBK cFOLL bBCcTESd-21985eTS1i10420si bBCcTESd-21986eTS2fc.2i10420si c10210d10210 00102local4053708TESISaBCbBCcPA_TESISd2012-12-17fTESISl0oTesisp-21986r2019-12-31 00:00:00tc.2w2019-12-31yTESIS 00102local4051708TESISaBCbBCcPA_TESISd2012-12-17fTESISl0oTesisp-21985r2019-12-31 00:00:00w2019-12-31yTESIS